000 01153nam a2200313 a 4500
001 000009538
003 DO-SdBNP
005 20231006084102.0
007 000009538
008 090902s1977 dr 000 p spa d
040 _aBPMSU
_bspa
_cBPMSU
082 4 _aRD861.4409
_bR789p 1977
_222
100 1 _aRosario Candelier, Bruno,
_d1941-
245 1 0 _aLo popular y lo culto en la poesía dominicana /
_cBruno Rosario Candelier.
260 _aSantiago de los Caballeros, República Dominicana :
_bUCMM,
_c1977.
300 _a372 p. ;
_c24 cm.
490 0 _aEstudios,
_v38
500 _aIncluye datos biográficos del autor en la contracubierta.
500 _aIncluye referencias bibliográficas y notas al pie de las páginas
504 _aBibliografía: p. 365-372.
590 _aInventariado, 2023/VM
650 4 _a Poesía dominicana
_xHistoria y crítica
650 4 _aEnsayos dominicanos
650 4 _aAutores dominicanos
_xCrítica e interpretación
650 4 _aLiteratura dominicana
710 2 _aUniversidad Católica Madre y Maestra (República Dominicana)
910 _aVMateo V./Validado. Control de calidad MFF
942 _2ddc
_cBK
999 _c8215
_d8215